Premier League XIs 1997-98 - Statistics

General Stats
  • This quiz has been taken 213 times
    211 since last reset
  • The average score is 84 of 220
Answer Stats
Position Answer % Correct
DF Tony Adams Arsenal
91%
ST Andrew Cole Manchester United
89%
ST Dennis Bergkamp Arsenal
89%
DF Gary Neville Manchester United
88%
DF Phil Neville Manchester United
88%
MF David Beckham Manchester United
86%
MF Paul Scholes Manchester United
86%
GK Peter Schmeichel Manchester United
86%
MF Ryan Giggs Manchester United
86%
GK David Seaman Arsenal
85%
ST Dwight Yorke Aston Villa
85%
ST Les Ferdinand Tottenham Hotspur
82%
DF Alan Wright Aston Villa
80%
MF Emmanuel Petit Arsenal
80%
ST Ian Wright Arsenal
80%
GK Paul Jones Southampton
80%
DF Rio Ferdinand West Ham United
80%
DF Lee Dixon Arsenal
78%
MF Patrick Vieira Arsenal
78%
DF Rob Jones Liverpool
78%
ST Teddy Sheringham Manchester United
77%
MF Vinnie Jones Wimbledon
77%
ST Michael Owen Liverpool
75%
GK David James Liverpool
74%
ST Gianfranco Zola Chelsea
74%
MF Nicky Butt Manchester United
71%
DF Sol Campbell Tottenham Hotspur
71%
DF Denis Irwin Manchester United
69%
MF Marc Overmars Arsenal
69%
DF Nigel Winterburn Arsenal
69%
MF Ray Parlour Arsenal
69%
DF Graeme Le Saux Chelsea
68%
DF Stephen Carr Tottenham Hotspur
68%
ST Mark Hughes Chelsea
65%
MF Michael Hughes Wimbledon
65%
GK Tim Flowers Blackburn Rovers
65%
ST Chris Sutton Blackburn Rovers
63%
MF Frank Lampard West Ham United
63%
MF Steve McManaman Liverpool
63%
ST Dion Dublin Coventry City
62%
DF Gary Pallister Manchester United
62%
ST Jimmy-Floyd Hasselbaink Leeds United
62%
DF Steve Bould Arsenal
62%
DF Des Walker Sheffield Wednesday
60%
GK Ed de Goey Chelsea
60%
DF Gareth Southgate Aston Villa
58%
GK Ian Walker Tottenham Hotspur
58%
MF Matt Le Tissier Southampton
58%
ST Emile Heskey Leicester City
57%
MF Ian Taylor Aston Villa
57%
MF Dennis Wise Chelsea
55%
MF Gary Speed Everton
55%
MF Roberto Di Matteo Chelsea
55%
MF Tim Sherwood Blackburn Rovers
55%
MF David Ginola Tottenham Hotspur
54%
MF John Barnes Newcastle United
54%
GK Mark Bosnich Aston Villa
54%
DF Colin Hendry Blackburn Rovers
52%
GK Nigel Martyn Leeds United
52%
MF Paul Ince Liverpool
52%
ST Duncan Ferguson Everton
51%
MF Jamie Redknapp Liverpool
49%
DF Dave Watson Everton
48%
MF David Batty Newcastle United
48%
GK David Watson Barnsley
48%
ST Kevin Davies Southampton
48%
ST Paulo Di Canio Sheffield Wednesday
48%
DF Steve Staunton Aston Villa
48%
MF Steve Watson Newcastle United
48%
MF Harry Kewell Leeds United
46%
DF Ian Pearce West Ham United
46%
ST Jürgen Klinsmann Tottenham Hotspur
46%
DF Stuart Pearce Newcastle United
46%
DF Frank Lebœuf Chelsea
45%
DF Frank Sinclair Chelsea
45%
DF Garry Kelly Leeds United
45%
GK Neil Sullivan Wimbledon
45%
MF Rob Lee Newcastle United
45%
GK Shay Given Newcastle United
45%
MF Jason Wilcox Blackburn Rovers
43%
MF Dan Petrescu Chelsea
42%
DF Lucas Radebe Leeds United
42%
MF Muzzy Izzet Leicester City
42%
ST Stan Collymore Aston Villa
42%
DF Jimmy Phillips Bolton Wanderers
40%
GK Mart Poom Derby County
40%
MF Nick Barmby Everton
40%
GK Steve Ogrizovic Coventry City
40%
DF Ugo Ehiogu Aston Villa
40%
ST Bruce Dyer Crystal Palace
38%
DF Matt Elliott Leicester City
38%
MF Robbie Earle Wimbledon
38%
DF Stephane Henchoz Blackburn Rovers
38%
MF Stuart Ripley Blackburn Rovers
38%
MF Andy Roberts Crystal Palace
37%
GK Kevin Miller Crystal Palace
37%
MF Øyvind Leonhardsen Liverpool
37%
MF Robbie Savage Leicester City
37%
ST Benito Carbone Sheffield Wednesday
35%
DF David Unsworth West Ham United
35%
ST Kevin Gallacher Blackburn Rovers
35%
ST Paulo Wanchope Derby County
35%
DF Stig-Inge Bjørnebye Liverpool
35%
DF Nicky Eaden Barnsley
34%
DF Steve Clarke Chelsea
34%
MF Alan Thompson Bolton Wanderers
32%
DF Dominic Matteo Liverpool
32%
GK Kasey Keller Leicester City
32%
GK Kevin Pressman Sheffield Wednesday
32%
ST Noel Whelan Coventry City
32%
ST Ashley Ward Barnsley
31%
MF Keith Gillespie Newcastle United
31%
ST Marcus Gayle Wimbledon
31%
DF Michael Duberry Chelsea
31%
ST Nathan Blake Bolton Wanderers
31%
MF Ruel Fox Tottenham Hotspur
31%
MF Steve Guppy Leicester City
31%
MF Carlton Palmer Southampton
29%
DF Claus Lundekvam Southampton
29%
DF Darren Peacock Newcastle United
29%
ST Dean Sturridge Derby County
29%
ST Jason Euell Wimbledon
29%
DF Jeff Kenna Blackburn Rovers
29%
MF Kevin Richardson Southampton
29%
MF Neil Lennon Leicester City
29%
MF Alf-Inge Haaland Leeds United
28%
MF Darren Huckerby Coventry City
28%
DF Ian Nolan Sheffield Wednesday
28%
ST John Hartson West Ham United
28%
MF Neil Redfearn Barnsley
28%
DF Philippe Albert Newcastle United
28%
DF Richard Shaw Coventry City
28%
GK Thomas Myhre Everton
28%
DF Chris Perry Wimbledon
26%
DF Chris Powell Derby County
26%
DF David Burrows Coventry City
26%
DF Ben Thatcher Wimbledon
25%
DF Bjørn Tore Kvarme Liverpool
25%
MF Eyal Berkovic West Ham United
25%
DF Francis Benali Southampton
25%
DF Ken Monkou Southampton
25%
DF Marcus Hall Coventry City
25%
MF Andy Impey West Ham United
23%
MF Attilio Lombardo Crystal Palace
23%
ST David Hirst Southampton
23%
DF David Robertson Leeds United
23%
MF Garry Flitcroft Blackburn Rovers
23%
DF Jason Dodd Southampton
23%
MF David Hopkin Leeds United
22%
DF David Wetherall Leeds United
22%
DF Gary Breen Coventry City
22%
MF Mark Draper Aston Villa
22%
DF Mark Fish Bolton Wanderers
22%
DF Michael Ball Everton
22%
ST Neil Shipperley Crystal Palace
22%
MF Stefano Eranio Derby County
22%
DF Steve Harkness Liverpool
22%
ST Andy Booth Sheffield Wednesday
20%
DF Colin Calderwood Tottenham Hotspur
20%
DF Craig Short Everton
20%
DF Dean Gordon Crystal Palace
20%
ST Ian Marshall Leicester City
20%
MF Igor Štimac Derby County
20%
MF Mark Pembridge Sheffield Wednesday
20%
MF Matt Oakley Southampton
20%
DF Peter Atherton Sheffield Wednesday
20%
MF Steve Lomas West Ham United
20%
DF Steve Walsh Leicester City
20%
MF Darren Sheridan Barnsley
18%
ST Jon Dahl Tomasson Newcastle United
18%
GK Keith Branagan Bolton Wanderers
18%
MF Per Frandsen Bolton Wanderers
18%
DF Ramon Vega Tottenham Hotspur
18%
DF Slaven Bilić Everton
18%
MF Stan Lazaridis West Ham United
18%
DF Adie Moses Barnsley
17%
DF Alan Kimble Wimbledon
17%
MF Allan Nielsen Tottenham Hotspur
17%
GK Craig Forrest West Ham United
17%
DF Gudni Bergsson Bolton Wanderers
17%
MF Lee Carsley Derby County
17%
DF Paul Warhurst Crystal Palace
17%
DF Roland Nilsson Coventry City
17%
DF Alessandro Pistone Newcastle United
15%
DF Christian Dailly Derby County
15%
ST Danny Cadamarteri Everton
15%
DF Dejan Stefanović Sheffield Wednesday
15%
DF Fernando Nelson Aston Villa
15%
DF Gary Rowett Derby County
15%
DF Jacob Laursen Derby County
15%
MF Paul Telfer Coventry City
15%
DF Andy Linighan Crystal Palace
14%
DF Arjan De Zeeuw Barnsley
14%
DF Carl Tiler Everton
14%
DF Dean Blackwell Wimbledon
14%
DF Gunnar Halle Leeds United
14%
MF Neal Ardley Wimbledon
14%
MF Bruno Ribeiro Leeds United
12%
ST Francesco Baiano Derby County
12%
DF Hermann Hreiðarsson Crystal Palace
12%
MF Martin Bullock Barnsley
12%
DF Neil Cox Bolton Wanderers
12%
MF Petter Rudi Sheffield Wednesday
12%
MF Simon Grayson Aston Villa
12%
MF Simon Rodger Crystal Palace
12%
DF Tim Breacker West Ham United
12%
DF Darren Barnard Barnsley
11%
DF Marc Edworthy Crystal Palace
11%
MF Scott Sellars Bolton Wanderers
11%
DF Spencer Prior Leicester City
11%
ST Andy Liddell Barnsley
9%
DF Andy Todd Bolton Wanderers
9%
MF Billy McKinlay Blackburn Rovers
9%
ST Jamie Pollock Bolton Wanderers
9%
MF John Oster Everton
9%
DF Jon Newsome Sheffield Wednesday
9%
DF Pontus Kaamark Leicester City
9%
MF Trond Egil Soltvedt Coventry City
9%
MF Eric Tinkler Barnsley
8%
DF Nicola Berti Tottenham Hotspur
8%
No matching quizzes found
Score Distribution
Percent of People with Each Score
Percentile by Number Answered
Your Score History
You have not taken this quiz since the last reset